000 00585nam a2200217Ia 4500
003 0100
008 130303s9999 xx 000 0 und d
040 _cARRUPELIB
050 _aB1255.C7 1965
100 _aLocke, John
245 _aLocke on Politics, Religion, and Education
260 _aNew York
260 _bCollier Books
260 _C1965
300 _a286p.
300 _b 18cm.
650 _bJohn XXIII--Mater et magistra
650 _cChurch and social problems--Catholic Church--Papal documents
700 _aCranston, Maurice William ed.
942 _2lcc
_01
999 _c63362
_d63362